Paesi Uniti #7 - Statistics

Statistiche generali
  • Questo quiz è stato fatto 3.357 volte
  • Il punteggio medio è 15 su 20
Risposte nella Mappa
Le risposte nella mappa del quiz sottostante sono codificate secondo una scala di colori dal rosso al verde in base alla % di persone che hanno risposto correttamente.
 
Statistiche sulle risposte
Paesi Uniti % Corretto
Stati Uniti
99%
Canada
98%
Francia
96%
Spagna
96%
Egitto
88%
Libia
87%
Argentina
83%
Cile
83%
Polonia
80%
Bielorussia
79%
Iran
75%
Iraq
74%
Angola
71%
Zambia
67%
India
64%
Colombia
62%
Ecuador
61%
Nepal
61%
Laos
52%
Vietnam
52%
Nessun quiz corrispondente trovato
Distribuzione punteggi
Percentuale di utenti per punteggio
Percentile per numero di risposta
I tuoi punteggi nel tempo
Non hai fatto questo quiz